Χρονικά αισθητικής : Annales d'esthetique : ετήσιον δελτίον της Ελληνικής Εταιρείας Αισθητικής = Annals for aesthetics

Αποθηκεύτηκε σε:
Λεπτομέρειες βιβλιογραφικής εγγραφής
Συλλογικό Έργο: Ιδρυμα Παναγιώτη και Εφης Μιχελή, Ελληνική Εταιρεία Αισθητικής
Μορφή: Περιοδική έκδοση
Γλώσσα:Greek
English
French
Δημοσίευση: Αθήνα : Ίδρυμα Παναγιώτη και Έφης Μιχελή, 1962-
Θέματα:
Ετικέτες: Προσθήκη ετικέτας
Δεν υπάρχουν, Καταχωρήστε ετικέτα πρώτοι!

MARC

LEADER 00000cas a2200000 i 4500
001 1/18491
008 120320c1962####gr |||||||||||| ||gre||
022 |a 1105-0462 
035 |l 10112090 
040 |a GR-My-Ua  |b gre  |e AACR2  
041 0 |a gre  |a eng  |a fre 
082 0 |a 111.85   |2 (23) 
210 1 |a Χρον. Αισθητ.  
222 0 |a Χρονικά αισθητικής  
245 1 0 |a Χρονικά αισθητικής :   |h [περιοδικό]   |b Annales d'esthetique : ετήσιον δελτίον της Ελληνικής Εταιρείας Αισθητικής = Annals for aesthetics /   |c Ίδρυμα Παναγιώτη και Έφης Μιχελή  
246 2 1 |a Annales d'esthetique:  |b bulletin annuel de la societe Hellenique d' Esthetique  
246 2 1 |a Annals for aesthetics  
260 |a Αθήνα :   |b Ίδρυμα Παναγιώτη και Έφης Μιχελή,   |c 1962-  
300 |a  τ. :   |b εγχρωμ. εικ. ;   |c 24 εκ.  
310 |a Ετήσια,  |b 1962-  
362 1 |a Τόμος. 1 (1962)-  
500 |3 Η βιβλιοθήκη του παραρτήματος Ρόδου έχει στο αρχείο τους εξής τόμους του περιοδικού: Τόμος 43 (2005-2006), τόμος 44 (2007-2008), τόμος 45 (2009-2010), τόμος 46 Α΄(2010-2012), τόμος 46 Β΄(2010-2012), τόμος 47 (2013-2014), τόμος 48 (2015-2019). Από το 1984 το περιοδικό εκδίδεται από το Ίδρυμα Παναγιώτη και Έφης Μιχελή. 
650 0 0 |a Aesthetics  |x Periodicals. 
650 0 |a Arts  |x Periodicals. 
710 2 |a Ιδρυμα Παναγιώτη και Εφης Μιχελή. 
710 2 |a Ελληνική Εταιρεία Αισθητικής. 
853 |a INST  |b RHODES  |c SER  |h 111.85 
901 |a BIBL4-2012-1 
920 |a Ίδρυμα Παναγιώτη και Έφης Μιχελή  |y Ρόδος  |z 2012-03 
922 |a 4ΕΛΗ  |b 2012-03